Statistics for Champions League Top Scorers

Click here to take the quiz!

General Stats

  • This quiz has been taken 1,823 times
    (704 since last reset)
  • The average score is 42 of 100

Answer Stats

SeasonNationalityClubGoalsScorer% Correct
2013/14PortugalReal Madrid17Cristiano Ronaldo
99%
2016/17PortugalReal Madrid12Cristiano Ronaldo
99%
2007/08PortugalManchester United8Cristiano Ronaldo
99%
2012/13PortugalReal Madrid12Cristiano Ronaldo
99%
2014/15PortugalReal Madrid10Cristiano Ronaldo
99%
2017/18PortugalReal Madrid15Cristiano Ronaldo
99%
2015/16PortugalReal Madrid16Cristiano Ronaldo
99%
2008/09ArgentinaFC Barcelona9Lionel Messi
98%
2009/10ArgentinaFC Barcelona8Lionel Messi
98%
2010/11ArgentinaFC Barcelona12Lionel Messi
98%
2011/12ArgentinaFC Barcelona14Lionel Messi
98%
2014/15ArgentinaFC Barcelona10Lionel Messi
98%
2018/19ArgentinaFC Barcelona12Lionel Messi
98%
2022/23NorwayManchester City12Erling Haaland
97%
2020/21NorwayBorussia Dortmund10Erling Haaland
97%
2021/22FranceReal Madrid15Karim Benzema
96%
2019/20PolandFC Bayern Munich15Robert Lewandowski
95%
2014/15BrazilFC Barcelona10Neymar
93%
2006/07BrazilA.C. Milan10Kaká
88%
1998/99UkraineFC Dynamo Kyiv8Andriy Shevchenko
86%
2005/06UkraineA.C. Milan9Andriy Shevchenko
86%
2002/03NetherlandsManchester United12Ruud van Nistelrooy
83%
2001/02NetherlandsManchester United10Ruud van Nistelrooy
83%
2004/05NetherlandsManchester United8Ruud van Nistelrooy
83%
2000/01SpainReal Madrid7Raúl
81%
1999/00SpainReal Madrid10Raúl
81%
1994/95LiberiaParis Saint-Germain8George Weah
69%
1959/60HungaryReal Madrid12Ferenc Puskás
68%
1961/62HungaryReal Madrid7Ferenc Puskás
68%
1963/64HungaryReal Madrid7Ferenc Puskás
68%
1999/00BrazilFC Barcelona10Rivaldo
68%
1964/65PortugalS.L. Benfica9Eusébio
64%
1967/68PortugalS.L. Benfica6Eusébio
64%
1965/66PortugalS.L. Benfica7Eusébio
64%
1972/73GermanyFC Bayern Munich11Gerd Müller
64%
1973/74GermanyFC Bayern Munich8Gerd Müller
64%
1974/75GermanyFC Bayern Munich5Gerd Müller
64%
1976/77GermanyFC Bayern Munich5Gerd Müller
64%
1957/58Argentina / SpainReal Madrid10Alfredo Di Stéfano
62%
1961/62Argentina / SpainReal Madrid7Alfredo Di Stéfano
62%
1971/72NetherlandsAFC Ajax5Johan Cruyff
62%
1997/98ItalyJuventus F.C.10Alessandro Del Piero
60%
1988/89NetherlandsA.C. Milan9Marco van Basten
60%
1998/99Trinidad and TobagoManchester United8Dwight Yorke
53%
1995/96FinlandAFC Ajax9Jari Litmanen
48%
1992/93BrazilPSV Eindhoven7Romário
48%
1989/90BrazilPSV Eindhoven7Romário
48%
1984/85FranceJuventus F.C.7 Michel Platini
43%
2003/04SpainAS Monaco9Fernando Morientes
41%
1993/94NetherlandsFC Barcelona8Ronald Koeman
37%
1989/90FranceOlympique de Marseille7Jean-Pierre Papin
35%
1991/92FranceOlympique de Marseille7Jean-Pierre Papin
35%
1990/91FranceOlympique de Marseille6Jean-Pierre Papin
35%
1982/83ItalyJuventus F.C.6Paolo Rossi
29%
1968/69ScotlandManchester United9Denis Law
22%
1980/81GermanyFC Bayern Munich6Karl-Heinz Rummenigge
22%
1958/59FranceStade de Reims10Just Fontaine
21%
1987/88RomaniaFCSB4Gheorghe Hagi
19%
1964/65PortugalS.L. Benfica9José Augusto Torres
18%
1999/00BrazilFC Porto10Mário Jardel
14%
1980/81ScotlandLiverpool F.C.6Graeme Souness
13%
1977/78DenmarkBorussia Mönchengladbach5 Allan Simonsen
10%
1987/88ScotlandRangers F.C.4Ally McCoist
10%
1987/88AlgeriaFC Porto4Rabah Madjer
8%
1975/76GermanyBorussia Mönchengladbach6Jupp Heynckes
7%
1963/64ItalyInter Milan7Sandro Mazzola
7%
1981/82GermanyFC Bayern Munich7Dieter Hoeneß
6%
1965/66HungaryFerencvárosi TC7Flórián Albert
6%
1993/94New ZealandWerder Bremen8Wynton Rufer
6%
1962/63ItalyA.C. Milan14José Altafini
5%
1987/88SpainReal Madrid4Míchel
5%
1996/97SerbiaAtlético Madrid5Milinko Pantić
5%
1956/57EnglandManchester United9Dennis Viollet
4%
1979/80DenmarkAFC Ajax10Søren Lerby
4%
1969/70EnglandLeeds United8Mick Jones
3%
1980/81EnglandLiverpool F.C.6Terry McDermott
3%
1984/85SwedenIFK Göteborg7 Torbjörn Nilsson
3%
1985/86SwedenIFK Göteborg6Torbjörn Nilsson
3%
1971/72HungaryÚjpest FC5Antal Dunai
2%
1970/71GreecePanathinaikos F.C.10Antonis Antoniadis
2%
1978/79SwitzerlandGrasshopper Club Zürich11Claudio Sulser
2%
1960/61PortugalS.L. Benfica11José Águas
2%
1966/67BelgiumRSC Anderlecht6Paul Van Himst
2%
1990/91AustriaFC Swarovski Tirol6Peter Pacult
2%
1987/88PortugalS.L. Benfica4Rui Águas
2%
1963/64YugoslaviaFK Partizan7Vladimir Kovačević
2%
1961/62DenmarkB 1913 Odense7Bent Løfqvist
1%
1986/87YugoslaviaRed Star Belgrade7Borislav Cvetković
1%
1974/75USSRFC Ararat Yerevan5Eduard Markarow
1%
1976/77ItalyFC Zürich5Franco Cucinotta
1%
1961/62Germany1. FC Nürnberg7Heinz Strehl
1%
1987/88FranceFC Girondins de Bordeaux4Jean-Marc Ferreri
1%
1966/67East GermanyASK Vorwärts Berlin6Jürgen Piepenburg
1%
1961/62SpainReal Madrid7Justo Tejada
1%
1971/72ScotlandCeltic F.C.5Lou Macari
1%
1955/56YugoslaviaFK Partizan8Miloš Milutinović
1%
1987/88CzechoslovakiaAC Sparta Prague4Petar Novák
1%
1991/92RussiaS.L. Benfica7Sergej Juran
1%
1971/72YugoslaviaStandard Liège5Silvester Takač
1%
1983/84USSRFC Dinamo Minsk6Wiktar Sokal
1%

Score Distribution

Percentile by Number Answered

Percent of People with Each Score

Your Score History

You have not taken this quiz since the last reset